[Event "Saarland-ch MA"]
[Site "Saarlouis"]
[Date "2004.04.07"]
[Round "6"]
[White "Tabatt, Hendrik"]
[Black "Hort, Alexej"]
[Result "1-0"]
[WhiteElo "2234"]
[BlackElo "2072"]
[PlyCount "77"]
[EventDate "2004.04.02"]
[EventType "tourn"]
[EventRounds "9"]
[EventCountry "GER"]
[SourceTitle "CBM 099 Extra"]
[Source "ChessBase"]
[SourceDate "2004.05.04"]
[SourceVersion "1"]
[SourceVersionDate "2004.05.04"]
[SourceQuality "1"]

1. Nf3 Nf6 2. c4 g6 3. d4 Bg7 4. g3 0-0 5. Bg2 c5 6. d5 d6 7. 0-0 b5 8. cxb5 a6 9. b6 Nbd7 10. Nc3 Nxb6 11. e4 Rb8 12. Re1 Ne8 13. Qe2 Nc7 14. Be3 Bd7 15. Rad1 Nb5 16. Nxb5 Bxb5 17. Qc2 Nc4 18. Bc1 Qa5 19. a4 Nxb2 20. axb5 Nxd1 21. Bd2 Nc3 22. e5 Qa2 23. Qxc3 axb5 24. Bg5 Qxd5 25. Bxe7 Rfe8 26. Ng5 Qxe5 27. Rxe5 Bxe5 28. Qb3 c4 29. Qb4 Rxe7 30. Bd5 h6 31. Ne4 Rc8 32. Nxd6 Rd8 33. Nxf7 Rxf7 34. Qxb5 Rxd5 35. Qxd5 Bc7 36. Kg2 Bb6 37. Qe6 Bxf2 38. Qxg6+ Kf8 39. Qxh6+ 1-0

[Event "Oberliga Sued W 0304"]
[Site "Germany"]
[Date "2004.03.07"]
[Round "7.6"]
[White "Hort, Alexej"]
[Black "Daub, Markus"]
[Result "1-0"]
[WhiteElo "2072"]
[BlackElo "2214"]
[PlyCount "120"]
[EventDate "2003.10.12"]
[EventType "team-tourn"]
[EventRounds "9"]
[EventCountry "GER"]
[SourceTitle "EXT 2006"]
[Source "ChessBase"]
[SourceDate "2005.11.24"]
[SourceVersion "1"]
[SourceVersionDate "2005.11.24"]
[SourceQuality "1"]
[WhiteTeam "Saarbruecken"]
[BlackTeam "Illingen"]
[WhiteTeamCountry "GER"]
[BlackTeamCountry "GER"]

1. d4 Nf6 2. c4 g6 3. Nc3 Bg7 4. e4 d6 5. Be2 0-0 6. Nf3 e5 7. 0-0 Na6 8. dxe5 dxe5 9. Bd2 Qe8 10. a3 Nc5 11. Qc2 c6 12. Be3 Nfd7 13. b4 Ne6 14. Rad1 f5 15. c5 f4 16. Bc1 Kh8 17. Bc4 Nd4 18. Nxd4 exd4 19. Ne2 f3 20. Nxd4 fxg2 21. Kxg2 Ne5 22. f3 Qe7 23. Qb3 Nxc4 24. Qxc4 Qh4 25. Kh1 Bh3 26. Ne6 Be5 27. Rd2 Bxf1 28. Qxf1 Rfe8 29. Nd4 Rad8 30. Bb2 Qf6 31. Qf2 Rf8 32. f4 Qxf4 33. Qxf4 Rxf4 34. Nf3 Rxd2 35. Bxe5+ Kg8 36. Nxd2 Rf2 37. Nc4 Kf7 38. Kg1 Rc2 39. Nd6+ Ke6 40. Bg3 b6 41. Bf2 b5 42. Nb7 Re2 43. Nd8+ Kd7 44. Nf7 Rxe4 45. Bg3 Re3 46. Ne5+ Kc8 47. Nxc6 Rxa3 48. Kf2 Kb7 49. Nd4 a6 50. Ke2 g5 51. Kd2 h5 52. c6+ Kc8 53. Nf5 Rxg3 54. hxg3 h4 55. gxh4 gxh4 56. Nxh4 Kc7 57. Nf3 Kxc6 58. Nd4+ Kb6 59. Nb3 a5 60. Nxa5 Ka6 1-0

[Event "Oberliga Sued W 0304"]
[Site "Germany"]
[Date "2004.02.15"]
[Round "6.4"]
[White "Baerwinkel, Tobias"]
[Black "Hort, Alexej"]
[Result "1/2-1/2"]
[WhiteElo "2246"]
[BlackElo "2072"]
[PlyCount "127"]
[EventDate "2003.10.12"]
[EventType "team-tourn"]
[EventRounds "9"]
[EventCountry "GER"]
[SourceTitle "EXT 2006"]
[Source "ChessBase"]
[SourceDate "2005.11.24"]
[SourceVersion "1"]
[SourceVersionDate "2005.11.24"]
[SourceQuality "1"]
[WhiteTeam "Mutterstadt"]
[BlackTeam "Saarbruecken"]
[WhiteTeamCountry "GER"]
[BlackTeamCountry "GER"]

1. e4 c5 2. Nf3 d6 3. d4 cxd4 4. Nxd4 Nf6 5. Nc3 a6 6. f4 e5 7. Nf3 Nbd7 8. a4 Be7 9. Bd3 0-0 10. 0-0 Qc7 11. fxe5 dxe5 12. Kh1 Nc5 13. Bg5 Be6 14. Qe1 Rad8 15. Rd1 h6 16. Be3 Nh5 17. Nh4 Nf4 18. Bxf4 exf4 19. Nf3 Nxd3 20. cxd3 Bb3 21. Rc1 Rxd3 22. Nd5 Qd6 23. Qe2 Rxd5 24. exd5 Bf6 25. Nd2 Bxd5 26. Ne4 Qe5 27. Nxf6+ Qxf6 28. b4 Bc6 29. b5 axb5 30. axb5 Re8 31. Qc4 Be4 32. Rf2 f3 33. g3 Qb6 34. Kg1 Qe3 35. Qc5 Bd3 36. Qxe3 Rxe3 37. Rb2 Re6 38. Rc8+ Kh7 39. b6 f5 40. Kf2 Be4 41. Rc7 Kg6 42. h4 Kf6 43. h5 g6 44. hxg6 Kxg6 45. Ke3 Bc6+ 46. Kd3 Bb5+ 47. Kd4 Be2 48. Rc1 f2 49. Kd5 Rc6 50. Rxe2 Rxc1 51. Rxf2 Rc6 52. Rb2 Kg5 53. Rb3 h5 54. Ke5 Kg4 55. Rb4+ Kxg3 56. Kxf5 Rc3 57. Rd4 Rb3 58. Rd6 h4 59. Ke6 h3 60. Kd7 h2 61. Rg6+ Kf2 62. Rh6 Kg2 63. Rxh2+ Kxh2 64. Kc7 1/2-1/2

[Event "Oberliga Sued W 0304"]
[Site "Germany"]
[Date "2004.01.18"]
[Round "5.7"]
[White "Sandmeier, Toni"]
[Black "Hort, Alexej"]
[Result "0-1"]
[WhiteElo "2229"]
[BlackElo "2072"]
[PlyCount "68"]
[EventDate "2003.10.12"]
[EventType "team-tourn"]
[EventRounds "9"]
[EventCountry "GER"]
[SourceTitle "EXT 2006"]
[Source "ChessBase"]
[SourceDate "2005.11.24"]
[SourceVersion "1"]
[SourceVersionDate "2005.11.24"]
[SourceQuality "1"]
[WhiteTeam "Bann"]
[BlackTeam "Saarbruecken"]
[WhiteTeamCountry "GER"]
[BlackTeamCountry "GER"]

1. c4 g6 2. g3 Bg7 3. Bg2 d6 4. e3 Nf6 5. Ne2 e5 6. 0-0 Nc6 7. Nbc3 Be6 8. Nd5 Qd7 9. b3 0-0 10. Bb2 Bh3 11. d3 Nxd5 12. cxd5 Ne7 13. Nc3 Bxg2 14. Kxg2 f5 15. f4 exf4 16. gxf4 Nxd5 17. Nxd5 Bxb2 18. Rb1 Bg7 19. Rf3 c6 20. Nb4 Rae8 21. Rg3 Re6 22. Nc2 Rfe8 23. Qd2 c5 24. Rg1 d5 25. Kh1 R6e7 26. d4 cxd4 27. Nxd4 Re4 28. Nc2 d4 29. R3g2 Qc6 30. Nxd4 Bxd4 31. exd4 Qd5 32. h4 Re3 33. Kh2 Qf3 34. Rc1 Re2 0-1